[Event "CZE-chT2B 0910"]
[Site "Czech Republic"]
[Date "2010.01.31"]
[Round "6.8"]
[White "Kansky, Pavel"]
[Black "Mrnka, Jan"]
[Result "1/2-1/2"]
[WhiteElo "2129"]
[BlackElo "2101"]
[PlyCount "88"]
[EventDate "2009.10.18"]
[EventType "team-tourn"]
[EventRounds "11"]
[EventCountry "CZE"]
[SourceTitle "EXT 2012"]
[Source "ChessBase"]
[SourceDate "2011.11.24"]
[SourceVersion "1"]
[SourceVersionDate "2011.11.24"]
[SourceQuality "1"]
[WhiteTeam "Decin"]
[BlackTeam "Most Marty"]
[WhiteTeamCountry "CZE"]
[BlackTeamCountry "CZE"]

1. c4 Nf6 2. Nc3 d5 3. cxd5 Nxd5 4. d4 g6 5. g3 Bg7 6. Bg2 Nxc3 7. bxc3 c5 8. e3 0-0 9. Ne2 Nc6 10. 0-0 Qa5 11. Bd2 cxd4 12. cxd4 Qh5 13. Rb1 Bg4 14. f3 Bc8 15. Nf4 Qf5 16. Bh3 Qg5 17. Bxc8 Raxc8 18. Rxb7 e5 19. dxe5 Qxe5 20. Qe2 Rb8 21. Rbb1 Rxb1 22. Rxb1 Rb8 23. Rc1 Ne7 24. Qa6 Rd8 25. Qa5 Qd6 26. Bb4 Qd7 27. Qc7 Qxc7 28. Rxc7 Nf5 29. Kf2 a6 30. g4 Be5 31. Rc6 Nxe3 32. Kxe3 Bxf4+ 33. Kxf4 Rd4+ 34. Kg5 Rxb4 35. Rxa6 Kg7 36. Kh4 h6 37. Kg3 g5 38. h4 Rc4 39. hxg5 hxg5 40. a4 Rb4 41. a5 Ra4 42. Ra8 Ra2 43. a6 Kg6 44. a7 Kg7 1/2-1/2

[Event "CZE-chT2b 0506"]
[Site "Czech Republic"]
[Date "2006.02.26"]
[Round "8"]
[White "Mrnka, Jan"]
[Black "Janda, Zdenek"]
[Result "1-0"]
[WhiteElo "1990"]
[BlackElo "2168"]
[PlyCount "66"]
[EventDate "2005.10.16"]
[EventType "team"]
[EventRounds "11"]
[EventCountry "CZE"]
[SourceTitle "EXT 2009"]
[Source "ChessBase"]
[SourceDate "2008.11.26"]
[SourceVersion "1"]
[SourceVersionDate "2008.11.26"]
[SourceQuality "1"]

1. e4 d6 2. d4 Nf6 3. Nc3 g6 4. Nf3 Bg7 5. h3 0-0 6. Be3 c6 7. a4 Qa5 8. Bd3 Na6 9. 0-0 Nb4 10. Be2 c5 11. Nd2 cxd4 12. Nb3 Qd8 13. Nxd4 d5 14. Ndb5 a6 15. Bc5 axb5 16. Bxb4 d4 17. Nxb5 Nxe4 18. Bd3 Ng5 19. Qe2 e5 20. Bxf8 Qxf8 21. f4 exf4 22. Nc7 f3 23. Rxf3 Nxf3+ 24. Qxf3 Ra5 25. Nb5 Ra6 26. b3 Re6 27. Rf1 Qe7 28. Bc4 Rf6 29. Qe2 Be6 30. Rxf6 Qxf6 31. Bxe6 fxe6 32. Qe4 Bh6 33. Nxd4 Qxd4+ 1-0

[Event "CZE-chT2b 0506"]
[Site "Czech Republic"]
[Date "2005.12.18"]
[Round "5"]
[White "Mrnka, Jan"]
[Black "Jinova, Lucie"]
[Result "1/2-1/2"]
[WhiteElo "1990"]
[BlackElo "2080"]
[PlyCount "92"]
[EventDate "2005.10.16"]
[EventType "team"]
[EventRounds "11"]
[EventCountry "CZE"]
[SourceTitle "EXT 2009"]
[Source "ChessBase"]
[SourceDate "2008.11.26"]
[SourceVersion "1"]
[SourceVersionDate "2008.11.26"]
[SourceQuality "1"]

1. e4 e6 2. c4 c5 3. Nc3 Nc6 4. Nf3 Nf6 5. d4 cxd4 6. Nxd4 d6 7. Be3 Be7 8. Bd3 0-0 9. 0-0 a6 10. Kh1 Qc7 11. f4 Rd8 12. Rc1 Qa5 13. a3 Bd7 14. Rf2 Rac8 15. b4 Qh5 16. Be2 Qh4 17. Nf3 Qh6 18. Ng5 Qg6 19. Qd3 h6 20. f5 exf5 21. exf5 Bxf5 22. Qxf5 Qxf5 23. Rxf5 hxg5 24. Rxg5 Ne5 25. Na4 g6 26. Rg3 Ne4 27. Rh3 d5 28. Nb6 Rc6 29. Nxd5 Rxd5 30. cxd5 Nf2+ 31. Kg1 Nxh3+ 32. gxh3 Rxc1+ 33. Bxc1 Kg7 34. Bg4 Nc4 35. Bc8 Nd6 36. Bd7 Nc4 37. Ba4 Nb6 38. Bb3 Bd6 39. Bb2+ f6 40. Bd4 Nd7 41. Kg2 Kf7 42. h4 Ke7 43. h5 gxh5 44. Bd1 h4 45. Bf2 Ne5 46. Be2 Ng6 1/2-1/2

[Event "CZE-chT2b 0506"]
[Site "Czech Republic"]
[Date "2005.12.04"]
[Round "4"]
[White "Surnak, Peter"]
[Black "Mrnka, Jan"]
[Result "0-1"]
[WhiteElo "1970"]
[BlackElo "1990"]
[PlyCount "77"]
[EventDate "2005.10.16"]
[EventType "team"]
[EventRounds "11"]
[EventCountry "CZE"]
[SourceTitle "EXT 2009"]
[Source "ChessBase"]
[SourceDate "2008.11.26"]
[SourceVersion "1"]
[SourceVersionDate "2008.11.26"]
[SourceQuality "1"]

1. e4 d6 2. d4 Nf6 3. Bd3 c5 4. d5 g6 5. f4 c4 6. Bxc4 Nxe4 7. Qd4 Nf6 8. Nf3 Bg7 9. c3 0-0 10. 0-0 b5 11. Bb3 Bb7 12. Qd3 Nbd7 13. Be3 Nb6 14. Qxb5 Nbxd5 15. Qxb7 Nxe3 16. Re1 Nf5 17. Nbd2 Qa5 18. Ne4 Rab8 19. Nxf6+ Bxf6 20. Qe4 e6 21. Kh1 d5 22. Qd3 Rfd8 23. Rad1 Nd6 24. Ne5 Ne4 25. Qe3 Qc7 26. Nd3 a5 27. Re2 Be7 28. Ba4 Bd6 29. g3 Qb7 30. Rg2 Rdc8 31. Rc1 Qa6 32. Bd1 a4 33. Bf3 a3 34. Bxe4 axb2 35. Nxb2 dxe4 36. Qxe4 Ba3 37. Rcc2 Bxb2 38. Rxb2 Rxb2 39. Rxb2 0-1

[Event "Plzen op-C 9th"]
[Site "Plzen"]
[Date "2003.??.??"]
[Round "2"]
[White "Mrnka, Jan"]
[Black "Kral, Pavel"]
[Result "1/2-1/2"]
[WhiteElo "1908"]
[BlackElo "1773"]
[PlyCount "94"]
[EventDate "2003.08.??"]
[EventType "swiss"]
[EventRounds "9"]
[EventCountry "CZE"]
[SourceTitle "EXT 2005"]
[Source "ChessBase"]
[SourceDate "2004.11.15"]
[SourceVersion "1"]
[SourceVersionDate "2004.11.15"]
[SourceQuality "1"]

1. e4 e5 2. Bc4 Nf6 3. Qe2 Nc6 4. Nf3 Bc5 5. c3 d6 6. d3 Bb6 7. Bb3 0-0 8. Bg5 Be6 9. Bc2 Qd7 10. h3 Ne8 11. g4 f6 12. Be3 Bxe3 13. Qxe3 d5 14. Nbd2 Nd6 15. 0-0-0 Qf7 16. g5 dxe4 17. dxe4 a5 18. Rdg1 Bxa2 19. Rg3 f5 20. Qc5 f4 21. g6 Qf6 22. gxh7+ Kh8 23. Rg5 a4 24. Rhg1 Ra5 25. Qa3 Be6 26. Nh4 Kxh7 27. Ng6 Kg8 28. Nxf8 Qxf8 29. h4 Qf7 30. Bd3 Nb5 31. Bxb5 Rxb5 32. h5 Kh7 33. Rxg7+ Qxg7 34. Rxg7+ Kxg7 35. h6+ Kxh6 36. Qf8+ Kg6 37. Nf3 Ra5 38. Qe8+ Bf7 39. Qd7 a3 40. Qg4+ Kf6 41. Qg5+ Ke6 42. bxa3 Rxa3 43. Kb2 Ra5 44. Qf5+ Ke7 45. Ng5 Bc4 46. f3 Ra2+ 47. Kb1 Rh2 1/2-1/2

[Event "Plzen op-C 9th"]
[Site "Plzen"]
[Date "2003.??.??"]
[Round "8"]
[White "Mrnka, Jan"]
[Black "Nathansky, Daniel"]
[Result "1/2-1/2"]
[WhiteElo "1908"]
[BlackElo "1792"]
[PlyCount "115"]
[EventDate "2003.08.??"]
[EventType "swiss"]
[EventRounds "9"]
[EventCountry "CZE"]
[SourceTitle "EXT 2005"]
[Source "ChessBase"]
[SourceDate "2004.11.15"]
[SourceVersion "1"]
[SourceVersionDate "2004.11.15"]
[SourceQuality "1"]

1. e4 e5 2. Bc4 Nf6 3. Qe2 Bc5 4. Nf3 d6 5. c3 Bg4 6. h3 Bh5 7. g4 Bg6 8. d3 Nbd7 9. Nbd2 Qe7 10. a4 a5 11. Nf1 c6 12. Bg5 h6 13. Bh4 Nf8 14. 0-0-0 Bb6 15. Ng3 Ne6 16. Ng1 0-0-0 17. Nf5 Bxf5 18. gxf5 Nc5 19. f3 d5 20. exd5 cxd5 21. Bb5 Qd6 22. Bg3 Ncd7 23. d4 Nh5 24. Bxe5 Nxe5 25. Qxe5 Qxe5 26. dxe5 Ng3 27. Rh2 Nxf5 28. Ne2 Be3+ 29. Kb1 d4 30. Rd3 dxc3 31. Nxc3 Rxd3 32. Bxd3 Nd4 33. Nd5 Bg5 34. Be4 Ne6 35. h4 Bd8 36. f4 g6 37. h5 g5 38. Bf5 Kb8 39. Rc2 Re8 40. fxg5 Bxg5 41. Rc4 Ng7 42. Bg4 Rxe5 43. Rc8+ Ka7 44. Bf3 Ne6 45. Nc3 Nd4 46. Bd5 Re7 47. Rf8 f5 48. Bc4 f4 49. Nb5+ Nxb5 50. Bxb5 Re3 51. Rf7 Kb6 52. Rf5 Re6 53. Kc2 Rf6 54. Rxf6+ Bxf6 55. b3 f3 56. Kd3 f2 57. Ke2 Bd4 58. Be8 1/2-1/2

[Event "Plzen op-C 9th"]
[Site "Plzen"]
[Date "2003.??.??"]
[Round "1"]
[White "Steinhauser, Frantisek"]
[Black "Mrnka, Jan"]
[Result "0-1"]
[WhiteElo "1709"]
[BlackElo "1908"]
[PlyCount "89"]
[EventDate "2003.08.??"]
[EventType "swiss"]
[EventRounds "9"]
[EventCountry "CZE"]
[SourceTitle "EXT 2005"]
[Source "ChessBase"]
[SourceDate "2004.11.15"]
[SourceVersion "1"]
[SourceVersionDate "2004.11.15"]
[SourceQuality "1"]

1. e4 d6 2. d4 Nf6 3. Nc3 c6 4. Bg5 Nbd7 5. a4 Qa5 6. Bd2 e5 7. dxe5 dxe5 8. Bc4 Bb4 9. Qe2 0-0 10. Nf3 b5 11. Bb3 Ba6 12. 0-0 Bxc3 13. Bxc3 b4 14. Bxb4 Bxe2 15. Bxa5 Bxf1 16. Kxf1 Nxe4 17. Re1 Ndc5 18. Bb4 Rfe8 19. Bxc5 Nxc5 20. Nxe5 Nxb3 21. cxb3 Re6 22. Nc4 Rae8 23. Rxe6 Rxe6 24. b4 a6 25. Na5 f6 26. b3 Kf7 27. Nb7 Re7 28. Nd8+ Ke8 29. Nxc6 Rb7 30. Ke2 Kd7 31. b5 axb5 32. axb5 Rxb5 33. Nd4 Ra5 34. b4 Ra2+ 35. Ke3 Rb2 36. b5 g6 37. g3 Kd6 38. h4 Kd5 39. f3 Rb4 40. Ne2 Kc5 41. Nc3 Rb3 42. Kd2 Kd4 43. Ne2+ Kc4 44. g4 Rxf3 45. Kc2 0-1

[Event "Plzen op-C 9th"]
[Site "Plzen"]
[Date "2003.??.??"]
[Round "7"]
[White "Tichy, Stepan"]
[Black "Mrnka, Jan"]
[Result "1-0"]
[WhiteElo "1852"]
[BlackElo "1908"]
[PlyCount "49"]
[EventDate "2003.08.??"]
[EventType "swiss"]
[EventRounds "9"]
[EventCountry "CZE"]
[SourceTitle "EXT 2005"]
[Source "ChessBase"]
[SourceDate "2004.11.15"]
[SourceVersion "1"]
[SourceVersionDate "2004.11.15"]
[SourceQuality "1"]

1. Nf3 c5 2. g3 d5 3. d4 Nc6 4. Bg2 Bg4 5. c3 e6 6. 0-0 Bxf3 7. Bxf3 cxd4 8. cxd4 Qb6 9. e3 Nf6 10. Nc3 Be7 11. Na4 Qd8 12. Bd2 0-0 13. Rc1 Rc8 14. Qb3 b6 15. Rc2 Nb8 16. Rfc1 Qd7 17. Nc3 Rc4 18. a3 Rfc8 19. Be2 R4c7 20. Bb5 Qd6 21. e4 Qd8 22. Bf4 Rb7 23. Nxd5 Rxc2 24. Nxe7+ Rxe7 25. Qxc2 1-0

[Event "Plzen op-B U18"]
[Site "Plzen"]
[Date "1998.??.??"]
[Round "5"]
[White "Krassig, A."]
[Black "Mrnka, Jan"]
[Result "0-1"]
[WhiteElo "1615"]
[BlackElo "1830"]
[PlyCount "70"]
[EventDate "1998.08.??"]
[EventType "swiss"]
[EventRounds "9"]
[EventCountry "CZE"]
[SourceTitle "EXT 2000"]
[Source "ChessBase"]
[SourceDate "1999.11.16"]
[SourceVersion "1"]
[SourceVersionDate "1999.11.16"]
[SourceQuality "1"]

1. c4 c6 2. Nc3 d6 3. Nf3 Bg4 4. e3 e5 5. Be2 Nd7 6. d4 Ngf6 7. d5 Be7 8. b3 Nc5 9. b4 Ncd7 10. Ba3 Nb6 11. e4 a5 12. b5 c5 13. Nd2 Qd7 14. f3 Bh5 15. Na4 Nxa4 16. Qxa4 g5 17. Qd1 g4 18. Bc1 Rg8 19. Nf1 gxf3 20. Bxf3 Bxf3 21. Qxf3 Qg4 22. Ne3 Qxe4 23. Qxe4 Nxe4 24. 0-0 f6 25. Nf5 Kd7 26. Bh6 Rg6 27. Rae1 Ng5 28. Kf2 b6 29. h4 Nf7 30. Be3 Rag8 31. Rg1 Bf8 32. Kf3 Bh6 33. Nxh6 Nxh6 34. h5 Rg3+ 35. Kf2 Nf5 0-1

[Event "Plzen op-B U18"]
[Site "Plzen"]
[Date "1998.??.??"]
[Round "4"]
[White "Mrnka, Jan"]
[Black "Rybak, David"]
[Result "1-0"]
[WhiteElo "1830"]
[BlackElo "1640"]
[PlyCount "65"]
[EventDate "1998.08.??"]
[EventType "swiss"]
[EventRounds "9"]
[EventCountry "CZE"]
[SourceTitle "EXT 2000"]
[Source "ChessBase"]
[SourceDate "1999.11.16"]
[SourceVersion "1"]
[SourceVersionDate "1999.11.16"]
[SourceQuality "1"]

1. c4 e6 2. Nc3 d5 3. d4 c5 4. e3 Nc6 5. Nf3 Nf6 6. Be2 a6 7. 0-0 Bd6 8. b3 0-0 9. Bb2 Qe7 10. dxc5 Bxc5 11. Na4 Ba7 12. Qc1 Re8 13. cxd5 exd5 14. Rd1 Ne4 15. Nd4 Qh4 16. g3 Qh6 17. Nxc6 bxc6 18. Bd4 Nxf2 19. Re1 Rxe3 20. Qxe3 Qxe3 21. Bxe3 Bxe3 22. Kg2 Bh3+ 23. Kf3 Re8 24. Bxa6 d4 25. Bf1 Bg4+ 26. Kg2 Bh3+ 27. Kf3 Bg4+ 28. Kg2 Bf5 29. h4 Be4+ 30. Kh2 Ng4+ 31. Kh3 Bg1 32. Kxg4 h5+ 33. Kh3 1-0

[Event "Plzen KB op-B U18"]
[Site "Plzen"]
[Date "1997.??.??"]
[Round "5"]
[White "Ksana, Vaclav"]
[Black "Mrnka, Jan"]
[Result "0-1"]
[WhiteElo "1630"]
[BlackElo "1790"]
[PlyCount "33"]
[EventDate "1997.??.??"]
[EventType "swiss"]
[EventRounds "9"]
[EventCountry "CZE"]
[SourceTitle "EXT 1998"]
[Source "ChessBase"]
[SourceDate "1997.11.17"]
[SourceVersion "1"]
[SourceVersionDate "1997.11.17"]
[SourceQuality "1"]

1. e4 d6 2. d4 Nf6 3. Nc3 c6 4. h3 Nbd7 5. f4 e5 6. Nf3 Nh5 7. fxe5 dxe5 8. Bc4 Be7 9. 0-0 0-0 10. dxe5 Bc5+ 11. Kh2 Qc7 12. g3 Nxe5 13. Ng5 Ng4+ 14. hxg4 Qxg3+ 15. Kh1 Bxg4 16. Qe1 h6 17. Qxg3 0-1

[Event "CZE-ch U18"]
[Site "Prague"]
[Date "1996.??.??"]
[Round "9"]
[White "Jirka, Jiri"]
[Black "Mrnka, Jan"]
[Result "1-0"]
[WhiteElo "1940"]
[BlackElo "1770"]
[PlyCount "57"]
[EventDate "1996.??.??"]
[EventType "swiss"]
[EventRounds "9"]
[EventCountry "CZE"]
[SourceTitle "EXT 1998"]
[Source "ChessBase"]
[SourceDate "1997.11.17"]
[SourceVersion "1"]
[SourceVersionDate "1997.11.17"]
[SourceQuality "1"]

1. Nf3 Nf6 2. g3 g6 3. Bg2 Bg7 4. 0-0 0-0 5. d4 d5 6. c4 c6 7. Nc3 dxc4 8. e4 e6 9. Qe2 b6 10. a3 Nbd7 11. Bf4 h6 12. Qxc4 Bb7 13. Rad1 Qc8 14. Nd2 Ba6 15. Qb3 Bxf1 16. Rxf1 Re8 17. Nc4 Bf8 18. Nd6 Bxd6 19. Bxd6 Nf8 20. e5 Nd5 21. Ne4 Qd7 22. h4 Nh7 23. Qf3 Kg7 24. g4 f5 25. exf6+ Kf7 26. Be5 Kf8 27. g5 h5 28. Nd6 Red8 29. Qd3 1-0

[Event "Plzen op-B U18"]
[Site "Plzen"]
[Date "1996.??.??"]
[Round "9"]
[White "Konigova, Petra"]
[Black "Mrnka, Jan"]
[Result "0-1"]
[WhiteElo "1800"]
[BlackElo "1645"]
[PlyCount "168"]
[EventDate "1996.??.??"]
[EventType "swiss"]
[EventRounds "9"]
[EventCountry "CZE"]
[SourceTitle "EXT 1998"]
[Source "ChessBase"]
[SourceDate "1997.11.17"]
[SourceVersion "1"]
[SourceVersionDate "1997.11.17"]
[SourceQuality "1"]

1. e4 d6 2. d4 Nf6 3. Nc3 c6 4. Nf3 Bg4 5. h3 Bxf3 6. Qxf3 e6 7. Bg5 Be7 8. 0-0-0 Qa5 9. Bd2 Qc7 10. Qg3 g6 11. Be2 Nbd7 12. Rhe1 0-0-0 13. Be3 Kb8 14. e5 Nd5 15. Nxd5 cxd5 16. exd6 Bxd6 17. Qf3 Rc8 18. Bd3 Nb6 19. g3 Nc4 20. Bf4 Bxf4+ 21. Qxf4 Qxf4+ 22. gxf4 Nd6 23. f3 Ne8 24. Kd2 Ng7 25. c3 Nh5 26. Ke3 Rhe8 27. Bb5 Re7 28. Bd3 a6 29. Bc2 Rce8 30. h4 Nf6 31. Re2 Nd7 32. Rde1 Nb6 33. Kf2 Nc4 34. Bb1 b5 35. Bd3 Nd6 36. Bb1 Rb7 37. Bd3 Ka7 38. a3 a5 39. Rc2 Reb8 40. Ra1 h5 41. Re2 Ra8 42. Rc2 Kb8 43. Ke2 Kc7 44. Kf2 Kd7 45. Kf1 Ke7 46. Kf2 Kf6 47. Ke2 Rab8 48. Rac1 Nc8 49. Kf2 Na7 50. Ke1 Nc6 51. Kf2 b4 52. axb4 axb4 53. Ke3 bxc3 54. bxc3 Rb2 55. Kf2 R8b3 56. Rxb2 Rxb2+ 57. Kg3 Rb3 58. Be2 Ne7 59. Bd3 Rb2 60. Rd1 Rb7 61. Rc1 Rc7 62. Rc2 Nc8 63. Rc1 Nb6 64. Bb5 Rb7 65. Be8 Nc4 66. Bc6 Rb3 67. Ba4 Ra3 68. Be8 Ne3 69. Bb5 Ra2 70. Bd3 Rd2 71. Bb1 Rd1 72. Rxd1 Nxd1 73. Bd3 Nxc3 74. Kf2 Na4 75. Ke2 Nb6 76. Ke3 Nc4+ 77. Kf2 Nd6 78. Kg2 Nf5 79. Kh3 Nxd4 80. Kg3 Kg7 81. Kg2 f6 82. Kg3 e5 83. fxe5 fxe5 84. Kf2 Nf5 0-1

[Event "CZE-ch U18"]
[Site "Prague"]
[Date "1996.??.??"]
[Round "3"]
[White "Mrnka, Jan"]
[Black "Fikr, Lukas"]
[Result "1-0"]
[WhiteElo "1770"]
[BlackElo "1660"]
[PlyCount "35"]
[EventDate "1996.??.??"]
[EventType "swiss"]
[EventRounds "9"]
[EventCountry "CZE"]
[SourceTitle "EXT 1998"]
[Source "ChessBase"]
[SourceDate "1997.11.17"]
[SourceVersion "1"]
[SourceVersionDate "1997.11.17"]
[SourceQuality "1"]

1. e4 c5 2. Nc3 Nc6 3. f4 e6 4. Nf3 d5 5. exd5 exd5 6. d4 Nf6 7. Be3 Bg4 8. Be2 b6 9. 0-0 a6 10. Ne5 Bxe2 11. Qxe2 Nxe5 12. fxe5 Ne4 13. Qf3 Qd7 14. Nxe4 dxe4 15. Qxe4 Rd8 16. Rad1 Qd5 17. Qxd5 Rxd5 18. c4 1-0

[Event "CZE-ch U18"]
[Site "Prague"]
[Date "1996.??.??"]
[Round "7"]
[White "Mrnka, Jan"]
[Black "Fronek, Vitezslav"]
[Result "1/2-1/2"]
[WhiteElo "1770"]
[BlackElo "1800"]
[PlyCount "82"]
[EventDate "1996.??.??"]
[EventType "swiss"]
[EventRounds "9"]
[EventCountry "CZE"]
[SourceTitle "EXT 1998"]
[Source "ChessBase"]
[SourceDate "1997.11.17"]
[SourceVersion "1"]
[SourceVersionDate "1997.11.17"]
[SourceQuality "1"]

1. e4 d5 2. exd5 Nf6 3. d4 Nxd5 4. c4 Nb6 5. Nc3 Bf5 6. Qf3 Bd7 7. Bf4 Qc8 8. h3 e6 9. Bd3 c5 10. Nge2 cxd4 11. Nxd4 Bb4 12. 0-0 Bxc3 13. bxc3 0-0 14. Qg3 f6 15. Bd6 Rf7 16. c5 Nd5 17. Nb5 Bxb5 18. Bxb5 Nc6 19. Rad1 f5 20. Bc4 Nf6 21. f3 Kh8 22. Rfe1 Nd8 23. Qe5 Nd7 24. Bxe6 Nxe5 25. Bxc8 Rxc8 26. Rxe5 Nc6 27. Re2 h6 28. Rde1 Kh7 29. Re8 Rxe8 30. Rxe8 a6 31. Kf2 Kg6 32. Rc8 Kf6 33. Rc7 Rxc7 34. Bxc7 Ke6 35. Ke3 g6 36. Kd3 g5 37. Kc4 h5 38. a3 Kd7 39. Bd6 Ke6 40. Kd3 Kd5 41. Bc7 Kxc5 1/2-1/2

[Event "Plzen op-B U18"]
[Site "Plzen"]
[Date "1996.??.??"]
[Round "2"]
[White "Mrnka, Jan"]
[Black "Vitak, Pavel"]
[Result "0-1"]
[WhiteElo "1645"]
[BlackElo "1925"]
[PlyCount "152"]
[EventDate "1996.??.??"]
[EventType "swiss"]
[EventRounds "9"]
[EventCountry "CZE"]
[SourceTitle "EXT 1998"]
[Source "ChessBase"]
[SourceDate "1997.11.17"]
[SourceVersion "1"]
[SourceVersionDate "1997.11.17"]
[SourceQuality "1"]

1. c4 Nf6 2. Nc3 g6 3. e4 d6 4. d4 Bg7 5. Nf3 0-0 6. Be2 c6 7. 0-0 Nbd7 8. h3 e5 9. dxe5 dxe5 10. Bg5 Qc7 11. Qc2 Nc5 12. Rfd1 Ne6 13. Be3 b6 14. b4 Bb7 15. g3 Rfe8 16. Ng5 Bc8 17. Kg2 Qe7 18. Nxe6 Qxe6 19. Rh1 Ba6 20. c5 Bxe2 21. Qxe2 b5 22. Rhd1 Red8 23. Rxd8+ Rxd8 24. Rd1 Qe7 25. Rd2 Bf8 26. Rxd8 Qxd8 27. Qd2 Qxd2 28. Bxd2 Nd7 29. Ne2 f6 30. f3 Kf7 31. Kf2 Ke6 32. Nc1 Be7 33. Nb3 Bd8 34. Ke2 Bc7 35. Bc1 Nf8 36. Be3 Kd7 37. Kd3 Ne6 38. Bd2 f5 39. h4 h5 40. exf5 gxf5 41. Be1 Nf8 42. Nc1 Ng6 43. Ne2 Bd8 44. Bf2 Bf6 45. Ke3 Ke6 46. Kd3 Bg7 47. Be3 Ne7 48. Bc1 Nd5 49. Bd2 Bf6 50. Be1 Be7 51. Bd2 Bf8 52. a3 Bg7 53. Bg5 a6 54. Bd2 Nf6 55. Bc3 Kd5 56. Kc2 Ne8 57. Kb3 Bh6 58. a4 Nc7 59. a5 Ne6 60. Kc2 Kc4 61. Be1 Nd4+ 62. Nxd4 exd4 63. Bd2 Bg7 64. Kd1 Be5 65. Be1 Kd3 66. Bf2 Bg7 67. Ke1 Bh6 68. Kd1 Be3 69. Be1 Bg1 70. Bd2 Be3 71. Be1 Bh6 72. Bf2 Bg7 73. Bg1 Be5 74. Bf2 Bc7 75. Ke1 Kc2 76. g4 d3 0-1

[Event "CZE-ch U18"]
[Site "Prague"]
[Date "1996.??.??"]
[Round "2"]
[White "Novak, Pavel"]
[Black "Mrnka, Jan"]
[Result "1-0"]
[WhiteElo "2025"]
[BlackElo "1770"]
[PlyCount "73"]
[EventDate "1996.??.??"]
[EventType "swiss"]
[EventRounds "9"]
[EventCountry "CZE"]
[SourceTitle "EXT 1998"]
[Source "ChessBase"]
[SourceDate "1997.11.17"]
[SourceVersion "1"]
[SourceVersionDate "1997.11.17"]
[SourceQuality "1"]

1. e4 d6 2. d4 Nf6 3. Nc3 c6 4. f4 Bg4 5. Nf3 e6 6. h3 Bxf3 7. Qxf3 Nbd7 8. e5 Nd5 9. Nxd5 cxd5 10. Bd3 Be7 11. 0-0 g6 12. b3 Qa5 13. Bb2 0-0 14. Kh1 f6 15. Qg4 f5 16. Qf3 dxe5 17. fxe5 Ba3 18. Bxa3 Qxa3 19. c4 Nb6 20. c5 Nd7 21. g4 f4 22. Qe2 Qb4 23. Qb2 Rf7 24. Rf3 Raf8 25. Rc1 Nb8 26. a3 Qa5 27. b4 Qd8 28. b5 Kh8 29. Qd2 Qg5 30. Qa5 h5 31. Rg1 a6 32. bxa6 bxa6 33. Qb6 Re8 34. c6 Rh7 35. c7 Nd7 36. Qxa6 hxg4 37. c8Q 1-0

[Event "CZE-ch U18"]
[Site "Prague"]
[Date "1996.??.??"]
[Round "4"]
[White "Stankova, Zuzana"]
[Black "Mrnka, Jan"]
[Result "1-0"]
[WhiteElo "1850"]
[BlackElo "1770"]
[PlyCount "37"]
[EventDate "1996.??.??"]
[EventType "swiss"]
[EventRounds "9"]
[EventCountry "CZE"]
[SourceTitle "EXT 1998"]
[Source "ChessBase"]
[SourceDate "1997.11.17"]
[SourceVersion "1"]
[SourceVersionDate "1997.11.17"]
[SourceQuality "1"]

1. e4 d6 2. d4 Nf6 3. Nc3 c6 4. f4 Bg4 5. Nf3 Nbd7 6. Be2 e6 7. 0-0 Be7 8. h3 Bxf3 9. Bxf3 Qb6 10. Kh1 e5 11. Ne2 0-0-0 12. a4 exd4 13. a5 Qc7 14. Qxd4 Kb8 15. Be3 c5 16. Qd2 Rhe8 17. c4 Kc8 18. b4 b6 19. Nc3 1-0